| 000 | 00905nas a2200265 4500 | ||
|---|---|---|---|
| 001 | BR9201666 | ||
| 003 | BR-BrBNA | ||
| 005 | 20231205092431.0 | ||
| 007 | ta | ||
| 008 | 230509b bl.|||p| |||| 00| 00por d | ||
| 040 |
_aBR-BrBNA _bpor _cBiblioteca Nacional de Agricultura |
||
| 041 | _a(Pt) | ||
| 072 | _aQ04 | ||
| 100 | 1 | _aOliveira, S.P. | |
| 100 | 1 | _aReyes, F.G.R. | |
| 245 | 1 | _aBiscoito com alto teor de fibra de milho: preparo, caracterizacao quimica e tecnologica e teste de aceitabilidade | |
| 246 | 1 | _aHigh corn fiber cookies: preparation, chemical and technological characterization and acceptance | |
| 650 | _aBISCOITO | ||
| 650 | _aMILHO | ||
| 650 | _aFIBRA | ||
| 650 | _aANALISE QUIMICA | ||
| 773 | 0 |
_tCiencia e Tecnologia de Alimentos (Brazil) _xISSN 0101-2061 _g(Jul-Dec 1990), v. 10(2) p. 273-286 _wBR9201666 |
|
| 909 |
_a202311 _bLúcia _c55 _dLúcia Elande |
||
| 942 |
_2AGRIS _n0 _cANA |
||
| 999 |
_c131677 _d131677 |
||